000 00552nam a2200181Ia 4500
008 240925s9999 xx 000 0 und d
020 _a9789332517424
082 _a005.8 PFL
100 _aPfleeger ,Charles P.
245 0 _aAnalyzing Computer Security: A Threat / Vulnerability / Countermeasure Approach
250 _aNA
260 _aNew Delhi:
_bPearson Education
_c,2014.
300 _a409p.
_bN.A
_fOriginal
500 _aIncludes Index
600 _aComputer Science
650 _aComputer science, information & general works
942 _cBK
999 _c13396
_d13396